000 00457 a2200169 4500
999 _c240
_d240
008 220920b ||||| |||| 00| 0 eng d
020 _a9780081008775
041 0 _aeng
082 0 0 _a620.0028555
_bH1481
100 _aHahn, Brian H.
_95215
245 _aEssential MATLAB for engineers and scientist /
_cby Brian H. Hahn
250 _a6th ed.
260 _aCambridge:
_bAcademic Press,
_c2017.
300 _axvi, 411 p.
650 0 _aMATLAB
942 _2ddc
_cBK